| 000 | 00479nam a2200193Ia 4500 | ||
|---|---|---|---|
| 008 | 210210b1930 xxu||||| |||| 00| 0 eng d | ||
| 041 | _aeng | ||
| 082 | _a536/120 | ||
| 100 | _aRUARK (Arthur Edward) | ||
| 245 | _aAtoms molecules and quanta | ||
| 260 |
_aNew York _bMcGraw Hill Kodgakusha Ltd., _c1930 |
||
| 300 | _a790 | ||
| 650 | _aquanta | ||
| 650 | _amolecules | ||
| 650 | _aAtoms | ||
| 690 | _aModern Physics | ||
| 700 | _aUREY (Harold Clayton) | ||
| 906 | _a008918 | ||
| 999 |
_c126772 _d126772 |
||